000 00653nam a2200229Ia 4500
003 GCL
008 140319s9999 xx 000 0 ara d
020 _a7528602977
040 _aGCL /
_cGCL
082 0 4 _a810.8
_bم ر
100 1 _aمصطفى محمود
245 1 0 _aرأيت الله /
_cمصطفى محمود
250 _aالثانية عشر
260 _aالقاهرة :
_bدار المعارف ،
_c1992
300 _a159 ص ؛
_c18 سم
490 _a
650 0 4 _aالاسلام
650 0 4 _aالاسلام والعلم
650 0 4 _aالاسلام والفلسفة
650 0 4 _aالاسلام والطب
942 _2ddc
_cBK
999 _c53883
_d53883